Estadísticas para Renos de Santa

Haz click aquí para intentar la prueba.

Estadísticas generales

  • Esta prueba ha sido intentada 10 veces
  • La puntuación promedio es 2 de 9

Estadísticas de respuestas

RENO% Correcto
6Rodolfo
86%
3Cupido
29%
1Astro
14%
2Brioso
14%
4Danzarin
14%
5Pirueta
14%
7Saeta
14%
8Saltin
14%
9Veloz
14%

Distribución de puntuación

Porcentaje por número respondido

Porcentaje de gente con cada puntuación

Historial de tus puntuaciones

No has intentado esta prueba.